El arrendamiento de bienes raíces urbanos

Gorde:
Xehetasun bibliografikoak
Egile nagusia: Ducci Claro, Carlos (Egilea)
Formatua: Liburua
Hizkuntza:gaztelania
Argitaratua: Santiago Salesianos 1982
Gaiak:
Etiketak: Etiketa erantsi
Etiketarik gabe, Izan zaitez lehena erregistro honi etiketa jartzen!

MARC

LEADER 00000nam a2200000 a 4500
001 UCY5932
003 CL-VaPUC
008 950521e19820000CL |||||||||||||||||spa|d
082 0 4 |a 346.043  |b DUC  |2 21 
100 0 |a Ducci Claro, Carlos  |e author  |9 335363 
245 1 3 |a El arrendamiento de bienes raíces urbanos 
300 |a 194 p 
942 |c BK 
945 |d 19950521 00:00:00  |a aalvarez 
260 |a Santiago  |b Salesianos  |c 1982 
650 0 |a Arrendamiento  |9 257654 
650 0 |a Bienes raíces  |9 307158 
651 7 |a CHILE  |2 CL-VaPUC  |9 335364 
583 |a last modification  |c 19950521 00:00:00  |k Rodrigo Vera 
999 |c 233531  |d 233529 
952 |0 0  |1 0  |4 0  |6 346_043000000000000_DUC_1982  |7 0  |8 A  |9 239120  |a BIBDER  |b BIBDER  |d 2019-11-18  |i 2000091  |l 1  |m 3  |o 346.043 DUC 1982  |p 2000091  |q 2025-12-31  |r 2022-05-09  |s 2022-05-09  |w 2019-11-18  |y BK  |k DER 
952 |0 0  |1 0  |4 0  |6 346_043000000000000_DUC_1982  |7 0  |8 A  |9 239121  |a BIBDER  |b BIBDER  |d 2019-11-18  |i 2000105  |o 346.043 DUC 1982  |p 2000105  |r 2023-01-25  |w 2019-11-18  |y BK  |k DER